书目信息 |
| 题名: |
线性代数一本通
|
|
| 作者: | 唐明 , 冯鸣 , 缪永伟 编著 | |
| 分册: | ||
| 出版信息: | 杭州 浙江大学出版社 2007.03 |
|
| 页数: | 192页 | |
| 开本: | 23cm | |
| 丛书名: | ||
| 单 册: | ||
| 中图分类: | O151.2 | |
| 科图分类: | ||
| 主题词: | 线性代数--xian xing dai shu--高等学校--教学参考资料 | |
| 电子资源: | ||
| ISBN: | 978-7-308-05174-3 | |
| 000 | 00934nam0 2200265 450 | |
| 001 | 012008955001 | |
| 005 | 20080523091129.56 | |
| 010 | @a978-7-308-05174-3@dCNY18.00 | |
| 100 | @a20080523d2007 em y0chiy0120 ea | |
| 101 | 0 | @achi |
| 102 | @aCN@b330000 | |
| 105 | @aa z 000yy | |
| 106 | @ar | |
| 200 | 1 | @a线性代数一本通@Axian xing dai shu yi ben tong@f唐明 ... [等] 编著@Ftang ming...[deng]bian zhu |
| 210 | @a杭州@c浙江大学出版社@d2007.03 | |
| 215 | @a192页@c图@d23cm | |
| 304 | @a题名页题: 唐明, 冯鸣, 缪永伟, 周明华编著 | |
| 330 | @a本书内容包括:行列式、矩阵、向量的线性相关性与秩、线性方程组、向量空间、特征值问题与矩阵变换、二次型等7章。 | |
| 606 | 0 | @a线性代数@Axian xing dai shu@x高等学校@j教学参考资料 |
| 690 | @aO151.2@v4 | |
| 701 | 0 | @a唐明@Atang ming@4编著 |
| 701 | 0 | @a冯鸣@Afeng ming@4编著 |
| 701 | 0 | @a缪永伟@Amiao yong wei@4编著 |
| 801 | 0 | @aCN@bQSSK@c20080523 |
| 905 | @b713064-66@dO151.2@eT252@f3 | |
| 线性代数一本通/唐明 ... [等] 编著.-杭州:浙江大学出版社,2007.03 |
| 192页:图;23cm |
| ISBN 978-7-308-05174-3:CNY18.00 |
| 本书内容包括:行列式、矩阵、向量的线性相关性与秩、线性方程组、向量空间、特征值问题与矩阵变换、二次型等7章。 |
| ● |
| 相关链接 |
|
|
|
正题名:线性代数一本通
索取号:O151.2/T252
 
预约/预借
| 序号 | 登录号 | 条形码 | 馆藏地/架位号 | 状态 | 备注 |
| 1 | 713064 | 207130647 | 自科库401/401自科库 41排6列5层/ [索取号:O151.2/T252] | 在馆 | |
| 2 | 713065 | 207130656 | 自科库401/401自科库 41排6列5层/ [索取号:O151.2/T252] | 在馆 | |
| 3 | 713066 | 207130665 | 自科库401/401自科库 41排6列5层/ [索取号:O151.2/T252] | 在馆 |